Girl Names: Most Top 100 Appearances Quiz Stats

 Plays Quiz Updated Sep 6, 2014

Support Sporcle.
Go Orange.
Score 0/73 Timer 15:00
13 Plays Today
Rank Name % Correct
2Mary
88.4%
1Elizabeth
84.1%
16Ann
82.8%
4Sarah
73.3%
34Anne
71.9%
5Catherine
69.8%
43Jane
69.2%
6Anna
68.8%
59Jennifer
68.7%
3Katherine
67%
53Susan
63.4%
34Emily
63.3%
14Emma
62%
7Margaret
61.1%
9Laura
59.6%
26Maria
59.6%
13Rose
54.1%
16Marie
52.5%
10Julia
52%
26Rebecca
51.5%
26Patricia
51.4%
62Christine
50.2%
36Barbara
49.4%
15Helen
49.3%
55Michelle
49%
26Nancy
45.5%
12Ruth
44.9%
41Betty
44.6%
20Grace
44.4%
18Alice
44%
62Diana
42.4%
20Ellen
41.7%
38Charlotte
41.2%
45Jean
40.3%
11Martha
39%
31Louise
38.4%
19Frances
38.1%
Rank Name % Correct
49Annie
37.6%
66Sandra
36.8%
33Theresa
36.7%
66Donna
36.4%
24Dorothy
35.4%
51Ella
32.9%
53Kimberly
31.9%
24Kathleen
31.1%
52Eva
30.9%
31Evelyn
30.4%
7Kathryn
29.6%
20Jacqueline
28.8%
38Josephine
27.2%
55Esther
25.2%
45Edith
24.9%
59Doris
23.8%
23Virginia
23.3%
37Irene
23.2%
45Clara
23.2%
26Lillian
22.8%
59Carrie
22.8%
49Ruby
21.5%
41Florence
20.8%
66Pauline
19.9%
38Edna
19.7%
43Ethel
19.6%
62Lois
19.5%
66Gertrude
19.1%
72Bonnie
18.1%
66Bertha
17.9%
45Mildred
16.9%
72Agnes
15%
62Ida
13.9%
66Hazel
13.9%
55Elsie
10.1%
55Willie
6%

You're not logged in!

Compare scores with friends on all Sporcle quizzes.
OR
Log In
Forgot?

From the Vault

Cover the Alphabet - Oceanian Capitals

by PenguinsMeercats

Why does the alphabet need a cover? Is it chilly?
Remove Ads.
Support Sporcle.
Get the best of Sporcle when you Go Orange. This ad-free experience offers more features, more stats, and more fun while also helping to support Sporcle. Thank you for becoming a member.

Show Comments

Extras

Top Quizzes Today


Score Distribution

Your Account Isn't Verified!

In order to create a playlist on Sporcle, you need to verify the email address you used during registration. Go to your Sporcle Settings to finish the process.

Report this User

Report this user for behavior that violates our Community Guidelines.

Details: